1552 1293 1943 1269 1125 1443 1920 1038 1521 1534 1051 1181 1665 1354 1970 1810 1130 1929 1434 1855 1332 1186 1139 1448 1319 1906 1936 1044 1001 1471 1972 1492 1384 1175 1619 1377 1328 1203 1789 1128 1633 1479 1119 1167 1922 1092 1920 1996 1005 1121 1202 1576 1063 1999 1430 1961 1160 1631 1964 1401 1438 1778 1078 1661 1946 1710 1282 1677 1065 1197 1803 1559 1598 1243 1989 1446 1138 1784 1998 1302 1228 1090 1297 1856 1443 1858 1212 1208 1607 1371 1096 1021 1041 1453 1251 1983 1766 1990 1840 BCNSPRNW ULIB Ver.6.0+V

เปลี่ยนเป็นภาษาไทย

Change to English
 แสดงรายละเอียดบรรณานุกรม
  กลับหน้าหลัก

Brief Record : Get Marc (ISO 2709) : E-mail record : QR code < ปิดหน้าต่าง
LEADER : 00000nam 2200000uu 4500
001    13399123590
003     ULIB
008    141017s2556||||th 000 0 tha d
020    ^a9786161116088
060 04 ^aWS105^bต367 ล.3
245 00 ^aตำราพัฒนาการและพฤติกรรมเด็ก.^nเล่ม 3 การดูแลเด็กสุขภาพดี /^cทิพวรรณ หรรษคุณาชัย ... [และคนอื่นๆ]
246 30 ^aการดูแลเด็กสุขภาพดี
250    ^aพิมพ์ครั้งที่ 1
260    ^a[กรุงเทพฯ] :^bชมรมพัฒนาการและพฤติกรรมเด็กแห่งประเทศไทย,^c2556
300    ^axii, 384 หน้า :^bภาพประกอบ ;^c27 ซม.
650  4 ^aพัฒนาการของเด็ก
650  4 ^aพฤติกรรมของเด็ก
650  4 ^aเด็ก^xการดูแล
650  4 ^aเด็ก^xการเลี้ยงดู
650  4 ^aเด็ก^xสุขภาพและอนามัย
700 0  ^aทิพวรรณ หรรษคุณาชัย
710 2  ^aชมรมพัฒนาการและพฤติกรรมเด็กแห่งประเทศไทย
945    ^p480^l0^i036160
945    ^p480^l0^i036161
945    ^p480^l0^i036162
945    ^p480^l0^i036163
945    ^p480^l0^i036164
945    ^p480^l0^i036165
945    ^p480^l0^i036166
945    ^p480^l0^i036167
945    ^p480^l0^i036168
945    ^p480^l0^i036169
999    ^aเกษร โพธิ์สุวรรณ
รายการนี้ยังไม่มีแท็ก
คุณยังไม่ได้ล็อกอิน คุณสามารถมีกิจกรรมร่วมกับเว็บไซต์ได้ แต่ต้องล็อกอินก่อน ::
  ล็อกอิน

รายการสื่อสารสนเทศ

ลำดับที่ ประเภท เลขเรียก/บาร์โค้ด สถานที่ สถานะ
1. Book การพยาบาล
หนังสือสำรอง
สถานะ=หนังสือสำรอง
WS105 ต367 ล.3 ฉ.1 
  Barcode: 036160
ห้องสมุดวิทยาเขตสวรรค์ประชารักษ์
►ส่วนจัดเก็บหนังสือเก่า สปร
บนชั้น
  ขอยืม
2. Book การพยาบาล
Book การพยาบาล
WS105 ต367 ล.3 ฉ.10 
  Barcode: 036169
ห้องสมุดวิทยาเขตสวรรค์ประชารักษ์
►ส่วนจัดเก็บหนังสือเก่า สปร
บนชั้น
  ขอยืม
3. Book การพยาบาล
Book การพยาบาล
WS105 ต367 ล.3 ฉ.2 
  Barcode: 036161
ห้องสมุดวิทยาเขตสวรรค์ประชารักษ์
►ส่วนจัดเก็บหนังสือเก่า สปร
บนชั้น
  ขอยืม
4. Book การพยาบาล
Book การพยาบาล
WS105 ต367 ล.3 ฉ.3 
  Barcode: 036162
ห้องสมุดวิทยาเขตสวรรค์ประชารักษ์
►ส่วนจัดเก็บหนังสือเก่า สปร
บนชั้น
  ขอยืม
5. Book การพยาบาล
Book การพยาบาล
WS105 ต367 ล.3 ฉ.4 
  Barcode: 036163
ห้องสมุดวิทยาเขตสวรรค์ประชารักษ์
►ส่วนจัดเก็บหนังสือเก่า สปร
บนชั้น
  ขอยืม
6. Book การพยาบาล
Book การพยาบาล
WS105 ต367 ล.3 ฉ.5 
  Barcode: 036164
ห้องสมุดวิทยาเขตสวรรค์ประชารักษ์
►ส่วนจัดเก็บหนังสือเก่า สปร
บนชั้น
  ขอยืม
7. Book การพยาบาล
Book การพยาบาล
WS105 ต367 ล.3 ฉ.6 
  Barcode: 036165
ห้องสมุดวิทยาเขตสวรรค์ประชารักษ์
►ส่วนจัดเก็บหนังสือเก่า สปร
บนชั้น
  ขอยืม
8. Book การพยาบาล
Book การพยาบาล
WS105 ต367 ล.3 ฉ.7 
  Barcode: 036166
ห้องสมุดวิทยาเขตสวรรค์ประชารักษ์
►ส่วนจัดเก็บหนังสือเก่า สปร
บนชั้น
  ขอยืม
9. Book การพยาบาล
Book การพยาบาล
WS105 ต367 ล.3 ฉ.8 
  Barcode: 036167
ห้องสมุดวิทยาเขตสวรรค์ประชารักษ์
►ส่วนจัดเก็บหนังสือเก่า สปร
บนชั้น
  ขอยืม
10. Book การพยาบาล
Book การพยาบาล
WS105 ต367 ล.3 ฉ.9 
  Barcode: 036168
ห้องสมุดวิทยาเขตสวรรค์ประชารักษ์
►ส่วนจัดเก็บหนังสือเก่า สปร
บนชั้น
  ขอยืม

รายการใกล้เคียง
    หัวเรื่อง [พัฒนาการของเด็ก]
    หัวเรื่อง [พฤติกรรมของเด็ก]
    หัวเรื่อง [เด็ก การดูแล]

BibComment


ยังไม่เคยถูกคอมเมนท์

คอมเมนท์ทรัพยากรรายการนี้
  คอมเมนท์: ตำราพัฒนาการและพ..


 Copyright 2026. Bcnsprnw @Library